| 000 | 00625 a2200169 4500 | ||
|---|---|---|---|
| 020 | _a0521645492 | ||
| 040 | _aDLC | ||
| 082 | 0 | 0 | _a006.3/0285/5117 |
| 100 | 1 | _aRasmus, Daniel W. | |
| 245 | 1 | 0 |
_aRethinking smart objects ; building artificial knowledge with objects _bbuilding artificial knowledge with objects _cDaniel W. Rasmus. |
| 260 |
_aNew York : _bCambridge University Press, _c1998. |
||
| 300 |
_axi, 244 p. ; _c23 cm. |
||
| 440 | 0 |
_aAdvances in object technology ; _v18 |
|
| 650 | 0 |
_aArtificial intelligence _xData processing. |
|
| 650 | 0 | _aObject-oriented programming (Computer science) | |
| 942 |
_cBK _k006.3 RAS _2ddc |
||
| 999 |
_c6804 _d6804 |
||